| 000 | 01503namaa22003851i 4500 | ||
|---|---|---|---|
| 003 | EG-GICUC | ||
| 005 | 20260121115747.0 | ||
| 008 | 260114s1992 ku ||||jr|||| 000 0 ara d | ||
| 017 |
_a1992 / 4033 _bالمكتبة الوطنية (الكويت) |
||
| 020 | _a9770033138 | ||
| 040 |
_aEG-GiCUC _bara _cEG-GiCUC _dEG-GiCUC _erda |
||
| 041 |
_aara _hfre |
||
| 082 | 0 | 4 |
_221 _a808.86944 _bM779 |
| 092 | 0 | 4 |
_221 _a808.86944 _bM779 |
| 099 | _a808.86944 M779 1992 | ||
| 100 | 1 |
_aمونيتسكيو، شارلز، _d1689-1755. _eمؤلف. |
|
| 240 | 1 |
_aLettres Persanes _lArabic |
|
| 245 | 1 | 0 |
_aرسائل فارسية / _cتأليف مونتيسكيو ؛ ترجمة أحمد كمال يونس ؛مراجعة عبد الرحمن الدواخلى |
| 250 | _aالطبعة الثانية | ||
| 264 |
_aالصفا (الكويت) : _bدار سعاد الصباح، _c1992. |
||
| 300 |
_a367 صفحة ؛ _c24 سم |
||
| 336 |
_2rdacontent _atext |
||
| 337 |
_2rdamedia _aUnmediated |
||
| 338 |
_2rdacarrier _avolume |
||
| 490 | _aفلسفة ؛ | ||
| 504 | _aيشتمل على ارجاعات ببليوجرافية. | ||
| 541 |
_aد. جابر عصفور ؛ _bالقاهرة ؛ _cإهداء ؛ _d2024. |
||
| 650 | 1 | 7 |
_aالرسائل الفرنسية _2qrmak |
| 650 | 1 | 7 |
_aالفلاسفة _xمراسلات _2qrmak |
| 651 | 1 | _2qrmak | |
| 700 | 1 |
_aيونس، أحمد كمال _eمترجم. |
|
| 700 | 1 |
_aالدواخلى، عبد الحميد _eمراجع. |
|
| 905 | _aNermeen | ||
| 942 |
_2ddc _cBK _e21 _n0 |
||
| 999 |
_c177673 _d177673 |
||